LEADER 00897naa a2200181 i 4500 001 000000321480 003 CaOOAMICUS 005 20180831173346.0 008 180831n it u000 u ita u 013 $a31723 040 $aSeMil$bita 245 10$aAntropologia della coppia nel magistero di Giovanni Paolo II. 650 4$aGiovanni Paolo II - Matrimonio.$0(OLS)http://semarc/subject/17484 650 4$aGiovanni Paolo II - Concezione dell'amore.$0(OLS)http://semarc/subject/17994 650 4$aRelazioni di coppia - Morale cristiana.$0(OLS)http://semarc/subject/57064 650 4$aMatrimonio - Antropologia.$0(OLS)http://semarc/subject/44279 773 0 $tAntropologia cristiana.$dRoma : Cittą Nuova, 2001.$z88-311-9262-0$gp.695-720$w()56259 996 $6245$aAntropologia della coppia nel magistero di Giovanni Paolo II$9(OLS)http://semarc/title/395031 LEADER 01282nam a2200229 i 4500 001 000000061487 003 CaOOAMICUS 005 20120503000000.0 008 120503s1965 xx u000 u mul u 013 $a32659 040 $aSeMil$bita 245 10$aDemitizzazione e morale :$batti del Convegno indetto dal Centro Internazionale di Studi Umanistici e dall'Istituto di Studi Filosofici, Roma, 7-12 gennaio 1965 /$cCentro Internazionale di Studi Umanistici Roma ; a cura di Enrico Castelli. 260 $aRoma :$bIstituto di studi filosofici,$ccopyr. 1965. 300 $a439 p. ;$c25 cm. 650 4$aDemitizzazione.$0(OLS)http://semarc/subject/8185 700 1 $aCastelli, Enrico,$d<1900-1977>.$0(OLS)http://semarc/name/393 700 1 $aCongresso Internazionale di Studi Umanistici <1970 ; Roma>.$0(OLS)http://semarc/name/5174 850 $aSeMil 852 $aSeMil$W1$xVenegono$y1$m2D IV 136$j27640$B27640$CSeMilBibl$Z2$F27643 $81 961 $aOmaggio: Oggioni don Costantino 996 $6245$aDemitizzazione e morale :$batti del Convegno indetto dal Centro Internazionale di Studi Umanistici e dall'Istituto di Studi Filosofici, Roma, 7-12 gennaio 1965$9(OLS)http://semarc/title/96614 996 $6260$aRoma :$bIstituto di studi filosofici$9(OLS)http://semarc/publisher/31165